Valid Texas A&M Football Answer - Statistics

General Stats
  • This quiz has been taken 29 times
  • The average score is 12 of 20
Answer Stats
Question # Answer % Correct
Heisman Winner 2 Johnny Manziel, John David Crow
96%
80+ Career total touchdowns 3 Johnny Manziel, Kellon Mond, Jerrod Johnson
96%
Top 5 Career Passers 5 Kellon Mond (9.6k),Jerrod Johnson (8k), Johnny Manziel (7.8k), Reggie McNeal (7k), Corey Pullig (6.8k)
96%
Starting QB since 2010 10 Ryan Tannehill, Johnny Manziel, Kenny Hill, Kyler Murrary, Trevor Knight, Nick Starkle, Kellon Mond, Haynes King, Conner Weigman, Marcel Reed
96%
More than 4,000 total yards (single season) 3 Johnny Manziel, Jerrod Johnson, Ryan Tannehill
91%
First Overall Pick 1 Myles Garrett
91%
1,100+ yard rushing season 8 Trayveon Williams, Darren Lewis, Johnny Manziel, Greg Hill, Bob Smith, Tra Carson, George Woodward, Curtis Dickey
91%
Best Seasons since 1990 5 1994, 1998, 2012, 2020, 2024
87%
Top 5 Edges 5 Myles Garrett, Von Miller, Dat Nguyen, Nic Scourton, Leon O'Neal
65%
National Championship Seasons 3 1919, 1927, 1939
61%
Coaches with 10 win seasons 7 Mike Elko, Kevin Sumlin, R.C. Slocum, Jackie Sherrill, Emory Bellard, Homer Norton, D.X. Bible,
61%
Super Bowl MVP 1 Von Miller
57%
20+ FG's made in single season 5 Randy Bullock, Randy Bond, Taylor Bertolet, Seth Small, Scott Slater
52%
Year of the Bond Fire 1 1999
48%
200+ Career Receptions 3 Ryan Swope, Christian Kirk, Jeff Fuller
39%
5 Star Commits in 2023-2025 cycle 4 Rueben Owens, DJ Hicks, Terry Bussey, Husan Longstreet
30%
Kyle Field Capacity 1 102,733
22%
12th Man first year 1 1921
4%
Ray Guy Award Winner 1 Braden Mann
0%
20+ Career INT's 1 Kevin Smith
0%
No matching quizzes found
Score Distribution
Percent of People with Each Score
Percentile by Number Answered
Your Score History
You have not taken this quiz